| 000 | 00548nam a2200193 a 4500 | ||
|---|---|---|---|
| 005 | 20220531063703.0 | ||
| 008 | 991125m19711978mx 000 0 spa u | ||
| 020 | _a9682300576 | ||
| 035 | _aUPN01000013010 | ||
| 049 | _aCG | ||
| 050 | 4 |
_aPQ8519 B2.92 _bC9 1978 |
|
| 100 | 1 |
_aBenedetti, Mario, _d1920-2009 |
|
| 245 | 1 | 3 |
_aEl cumpleaños de Juan Angel / _cMario Benedetti. |
| 260 |
_aMéxico : _bSiglo XXI, _c1971 (1978 impr.). |
||
| 300 | _a110 p. | ||
| 440 | 3 | _aLa creación literaria | |
| 650 | 7 |
_aLiteratura uruguaya _2 _95065 |
|
| 905 | _aLibro | ||
| 999 |
_c13010 _d13010 |
||